<?xml version="1.0" encoding="UTF-8"?>
<record
    xmlns:xsi="http://www.w3.org/2001/XMLSchema-instance"
    xsi:schemaLocation="http://www.loc.gov/MARC21/slim http://www.loc.gov/standards/marcxml/schema/MARC21slim.xsd"
    xmlns="http://www.loc.gov/MARC21/slim">

  <leader>03371nam a2200265Ia 4500</leader>
  <controlfield tag="003">OSt</controlfield>
  <controlfield tag="005">20211110123029.0</controlfield>
  <controlfield tag="008">210310s2005    sp     gr     000 0 spa d</controlfield>
  <datafield tag="020" ind1=" " ind2=" ">
    <subfield code="a">8439367821</subfield>
  </datafield>
  <datafield tag="040" ind1=" " ind2=" ">
    <subfield code="a">CO-JMCR</subfield>
    <subfield code="c">CO-JMCR</subfield>
  </datafield>
  <datafield tag="041" ind1="0" ind2=" ">
    <subfield code="a">spa</subfield>
  </datafield>
  <datafield tag="082" ind1="0" ind2="4">
    <subfield code="a">342.46042 /</subfield>
    <subfield code="b">C313r</subfield>
    <subfield code="2">23</subfield>
  </datafield>
  <datafield tag="100" ind1="1" ind2=" ">
    <subfield code="a">Carrasco Duran, Manuel, </subfield>
    <subfield code="e">autor</subfield>
    <subfield code="9">28883</subfield>
  </datafield>
  <datafield tag="245" ind1="1" ind2="3">
    <subfield code="a">El reparto de competencias entre el estado y las comunidades aut&#xF3;nomas sobre la actividad econ&#xF3;mica : </subfield>
    <subfield code="b">una aproximaci&#xF3;n a la interpretaci&#xF3;n jurisprudencial del art&#xED;culo 149.1.13 de la Constituci&#xF3;n /</subfield>
    <subfield code="c">Manuel Carrasco Dur&#xE1;n</subfield>
  </datafield>
  <datafield tag="260" ind1=" " ind2=" ">
    <subfield code="a">Valencia, Espa&#xF1;a : </subfield>
    <subfield code="b">Tirant lo Blanch, </subfield>
    <subfield code="c">2005.</subfield>
  </datafield>
  <datafield tag="300" ind1=" " ind2=" ">
    <subfield code="a">502 p&#xE1;ginas ; </subfield>
    <subfield code="c">23 cm.</subfield>
  </datafield>
  <datafield tag="490" ind1="0" ind2=" ">
    <subfield code="a">Estudios y auton&#xF3;micos y federales : </subfield>
    <subfield code="v">1</subfield>
  </datafield>
  <datafield tag="504" ind1=" " ind2=" ">
    <subfield code="a">Bibliograf&#xED;a : p&#xE1;ginas 483-502.</subfield>
  </datafield>
  <datafield tag="505" ind1="0" ind2=" ">
    <subfield code="a">El reparto de las competencias sobre la actividad econ&#xF3;mica entre el Estado y las Comunidades aut&#xF3;nomas. -- La interpretaci&#xF3;n del concepto de actividad econ&#xF3;mica del art&#xED;culo 149.1.13&#xAA; de la Constituci&#xF3;n. -- La desnaturalizaci&#xF3;n de la planificaci&#xF3;n de la actividad econ&#xF3;mica. -- La calificaci&#xF3;n de la planificaci&#xF3;n como general. -- Las bases de la planificaci&#xF3;n general de la actividad econ&#xF3;mica. -- Los criterios para el encuadernamiento de las normas y los actos de los poderes p&#xFA;blicos en la competencia sobre bases de la planificaci&#xF3;n general de la actividad econ&#xF3;mica. -- La competencia del estado para establecer medidas de fomento de las actividades econ&#xF3;micas a partir de su competencia sobre bases y coordinaci&#xF3;n de la planificaci&#xF3;n general de la actividad econ&#xF3;mica. -- Especialidades del contenido y de los efectos de las sentencias del tribunal constitucional que resuelven procesos en torno a normas y actas relativos a la actividades econ&#xF3;micas. </subfield>
  </datafield>
  <datafield tag="520" ind1="0" ind2=" ">
    <subfield code="a">La ordenaci&#xF3;n de las actividades econ&#xF3;micas constituye uno de los temas que mayor grado de conflicto ha generado entre el Estado y las Comunidades Aut&#xF3;nomas. Por una parte, las Comunidades Aut&#xF3;nomas tienen competencia exclusiva en relaci&#xF3;n con un buen n&#xFA;mero de actividades econ&#xF3;micas, pero, por otra parte, el Estado dispone de una competencia transversal, la relativa a las bases y la coordinaci&#xF3;n de la planificaci&#xF3;n general de la actividad econ&#xF3;mica (art. 149.1.13&#xAA; de la Constituci&#xF3;n), que le permite incidir en la ordenaci&#xF3;n del conjunto de la actividad econ&#xF3;mica; por un lado, se admite generalmente que el Estado debe llevar a cabo una labor de direcci&#xF3;n de la pol&#xED;tica econ&#xF3;mica, pero, por otro lado, son constantes las quejas de las Comunidades Aut&#xF3;nomas acerca de las injerencias en sus &#xE1;mbitos competenciales ocasionadas por las normas del Estado que, ampar&#xE1;ndose en esta funci&#xF3;n, regulan hasta el detalle aspectos de las actividades que son objeto de sus competencias y, con ello, recortan, de hecho, su capacidad para decidir pol&#xED;ticas propias en torno a las actividades econ&#xF3;micas. La presente obra estudia de forma completa esta materia, para lo cual presta especial atenci&#xF3;n a la jurisprudencia del Tribunal Constitucional acerca de la competencia del Estado sobre las bases y la coordinaci&#xF3;n de la planificaci&#xF3;n general de la actividad econ&#xF3;mica.</subfield>
  </datafield>
  <datafield tag="650" ind1="1" ind2="4">
    <subfield code="a">Actividades econ&#xF3;micas</subfield>
    <subfield code="9">41471</subfield>
  </datafield>
  <datafield tag="650" ind1="2" ind2="4">
    <subfield code="a">Trascendencia econ&#xF3;mica </subfield>
    <subfield code="9">41472</subfield>
  </datafield>
  <datafield tag="650" ind1="2" ind2="4">
    <subfield code="a">Ordenaci&#xF3;n de actividad econ&#xF3;mica</subfield>
    <subfield code="9">41473</subfield>
  </datafield>
  <datafield tag="942" ind1=" " ind2=" ">
    <subfield code="2">ddc</subfield>
    <subfield code="c">BK</subfield>
  </datafield>
  <datafield tag="999" ind1=" " ind2=" ">
    <subfield code="c">12668</subfield>
    <subfield code="d">12668</subfield>
  </datafield>
  <datafield tag="952" ind1=" " ind2=" ">
    <subfield code="0">0</subfield>
    <subfield code="1">0</subfield>
    <subfield code="2">ddc</subfield>
    <subfield code="4">0</subfield>
    <subfield code="7">0</subfield>
    <subfield code="a">CPL</subfield>
    <subfield code="b">CPL</subfield>
    <subfield code="c">GEN</subfield>
    <subfield code="d">2018-04-15</subfield>
    <subfield code="e">Donaci&#xF3;n</subfield>
    <subfield code="l">1</subfield>
    <subfield code="o">342.46042 / C313r</subfield>
    <subfield code="p">430004681</subfield>
    <subfield code="r">2024-05-16 00:00:00</subfield>
    <subfield code="s">2022-03-14</subfield>
    <subfield code="t">Ej.1</subfield>
    <subfield code="w">2021-03-10</subfield>
    <subfield code="y">BK</subfield>
  </datafield>
</record>
